Career Counseling: A Holistic Approach (Record no. 818)

MARC details
005 - DATE AND TIME OF LATEST TRANSACTION
control field 20250317150144.0
020 ## - INTERNATIONAL STANDARD BOOK NUMBER
International Standard Book Number 978-0-8400-3436-6
082 ## - DEWEY DECIMAL CLASSIFICATION NUMBER
Classification number 317.4 ZUN
100 ## - MAIN ENTRY--PERSONAL NAME
Author name ZUNKER, V. G.
245 ## - TITLE STATEMENT
Title Career Counseling: A Holistic Approach
250 ## - EDITION STATEMENT
Edition statement 8th Ed.
260 ## - PUBLICATION, DISTRIBUTION, ETC.
Place of publication, distribution, etc. London,
Name of publisher, distributor, etc. Cengage,
Date of publication, distribution, etc. 2012.
300 ## - PHYSICAL DESCRIPTION
Extent xxvi, 474p.
Other physical details Index, references.
Dimensions 26cm.
942 ## - ADDED ENTRY ELEMENTS (KOHA)
Source of classification or shelving scheme Dewey Decimal Classification
Koha item type Books
Holdings
Date last seen Total checkouts Full call number Barcode Cost, replacement price Price effective from Koha item type Lost status Source of classification or shelving scheme Damaged status Not for loan Withdrawn status Home library Current library Shelving location Date acquired Cost, normal purchase price
03/17/2025   371.4 ZUN 0000003233 330567.00 03/17/2025 Books   Dewey Decimal Classification       College of Business Education Main Library College of Business Education Main Library General Collection 03/17/2025 110189.00
03/17/2025   371.4 ZUN 0000003234 330567.00 03/17/2025 Books   Dewey Decimal Classification       College of Business Education Main Library College of Business Education Main Library General Collection 03/17/2025 110189.00
03/17/2025   371.4 ZUN 0000003235 330567.00 03/17/2025 Books   Dewey Decimal Classification       College of Business Education Main Library College of Business Education Main Library General Collection 03/17/2025 110189.00
04/03/2025   371.4 ZUN 0000004078 330567.00 04/03/2025 Books   Dewey Decimal Classification       College of Business Education Main Library College of Business Education Main Library Special Reserve Collection 04/03/2025 110189.00
04/03/2025   371.4 ZUN 0000004079 330567.00 04/03/2025 Books   Dewey Decimal Classification       College of Business Education Main Library College of Business Education Main Library Special Reserve Collection 04/03/2025 110189.00